000 00303nam a22001337a 4500
008 170526b xxu||||| |||| 00| 0 eng d
020 _a0849393124
041 _aeng
080 _a621
100 _a26
101 _aIM
245 _aELECTRIC MACHINES DYNAMICS AND CONTROL
_cNASAR,S.A
942 _2udc
_cBK
999 _c14317
_d14317